000 00587 a2200193 4500
999 _c182870
_d182870
005 20211208151120.0
010 _aENG-130239
020 _c75.00
_a978-93-80253-58-9
035 _aEN-113771
037 _bDBAD / PUB
082 _a305
100 _aPeter, A. John
245 _aSocial Exclusion:
_bConcept and Analysis/
_cA. John Peter
250 _a2010
260 _aDindigul
_bVaigarai Publishing House
_c2010
270 _aMain Road
_bDindigul
_e624001
_mvaigaraibooks@gmail.com
_k0451-2430464
300 _a144p.
_c21cm (pbk)
942 _adpl
_cEN
_2ddc
_h305
_mPET